MAILLOT DE FOOT - Statistiques

Statistiques générales
  • Ce quiz a été pris 161 fois
  • Le résultat moyen est 7 sur 10
Statistiques - réponses
Par images Réponse % Correct
Brentford
92%
Fulham
90%
Bournemouth
86%
Las Palmas
82%
Stuttgart
81%
Nottingham Forest
80%
Augsbourg
67%
Deportivo Alaves
65%
Palerme
58%
Brescia
42%
Aucun quiz correspondant
Distribution des résultats
% des personnes avec chaque résultat
Percentile par nombre de réponses
Votre historique - résultats
Vous n’avez pas pris ce quiz